The global justice reader /
Compilación de textos sobre filosofía política y su historia. Los temas abordados incluyen soberanía, derechos de autodeterminación, derechos humano, análisis de "The law of Peoples" de John Rawls, nacionalismo y patriotismo, cosmopolitanismo, pobreza global y justicia distributiva interna...
Պահպանված է:
| Հիմնական հեղինակ: | |
|---|---|
| Ձևաչափ: | Անհայտ |
| Լեզու: | English |
| Հրապարակվել է: |
Missouri :
Blackwell Publishing,
|
| Խորագրեր: | |
| Ցուցիչներ: |
Ավելացրեք ցուցիչ
Չկան պիտակներ, Եղեք առաջինը, ով նշում է այս գրառումը!
|
MARC
| LEADER | 00000 a2200000 04500 | ||
|---|---|---|---|
| 001 | 40054 | ||
| 003 | cru CIDCACS/IIS | ||
| 005 | 20170921150557.0 | ||
| 008 | 050630s2008 mou eng d | ||
| 999 | |c 17348 |d 17348 | ||
| 020 | |a 978-1-4051-6964-6 | ||
| 040 | |c CIDCACS/IIS | ||
| 090 | |a 05.03.04 B873g | ||
| 100 | |a Brooks, Thom, ed | ||
| 245 | |a The global justice reader / |c editado por Thom Brooks | ||
| 260 | |a Missouri : |b Blackwell Publishing, | ||
| 300 | |a 741 páginas | ||
| 500 | |a Colección Cambio Social donada por Paul Almeida | ||
| 520 | |a Compilación de textos sobre filosofía política y su historia. Los temas abordados incluyen soberanía, derechos de autodeterminación, derechos humano, análisis de "The law of Peoples" de John Rawls, nacionalismo y patriotismo, cosmopolitanismo, pobreza global y justicia distributiva internacional, guerra justa, terrorismo, mujeres y justicia global, y justicia ambiental internacional | ||
| 590 | |a DISEMINAR072010 |a DISEMINAR072010/EFU/SETIEMBRE2010 | ||
| 650 | |a FILOSOFIA | ||
| 650 | |a CIENCIA POLITICA | ||
| 650 | |a SOBERANIA | ||
| 650 | |a DERECHOS HUMANOS | ||
| 942 | |2 ddc |c LI | ||



